=LDR 00000nam 2200000 4500 =001 INLIS000000000044657 =005 20131008110413 =008 ***********************************Ind** =035 ##$$0010-101300000002579 =041 ##$$a Ind =082 ##$$a 028.5 =090 ##$$a 028.5 , Bar b =100 ##$$a Ramayanti =245 ##$$a Barbie A Fairy secret =850 ##$$a NBPNMAT